000
00299cam a22001097a 4500
008
180718b-v- xxu||||| |||| 00| 0 eng d
082
_a
A42x5432 C
100
_a
Haryana. Legislative Department
245
_a
The Haryana code
260
_a
Chandigarh
_b
The author
_c
-v-
500
_a
Library has v.1.-v.8..
999
_c
487553
_d
487553